Dear Sogyi Táncoskergető. 4. rész

Bibliographic Details
Main Author: Fajkusz, Mária (Author)
Format: Article
Language:Hungarian
Slovak
Subjects:

MARC

LEADER 00000nab a2200000 a 4500
001 vtls000601826
003 SK-MaSNL
005 20260303020135.0
008 160314c1996 xo 0 hun
015 |a SNBRB19rr/mm-uuuuu 
035 |a CL0601965 
040 |a SNKBUCL  |b slo  |c SNKBUCL  |e AACR2 
041 0 |a slo 
044 |a xo  |c SK 
080 |a 894.511-3=945.11  |2 1981 
100 1 |a Fajkusz, Mária  |4 aut  |9 990137 
245 1 0 |a Dear Sogyi  |b Táncoskergető. 4. rész  |c Mária Fajkusz 
500 |a Pokračovanie 
650 0 7 |a romány psychologické  |2 snkbucl  |9 653970 
650 0 7 |a satirické romány  |2 snkbucl  |9 51582 
773 0 |t Vasárnap  |g Roč. 29, č. 44 (1996), s. 13 
850 |a Slovenská národná knižnica v Martine  |a DSG001 
852 |a SNK  |b KIS3GCP 
958 |a HU 
958 |a LX 
958 |a NX 
958 |a RK 
958 |a RBX 
999 |c 1616739  |d 1618669